<?xml version="1.0" encoding="UTF-8"?>
<marc:record xmlns:marc="http://www.loc.gov/MARC21/slim">
   <marc:leader>00000nam a2200000 a 4500</marc:leader>
   <marc:datafield ind1="1" ind2=" " tag="100">
      <marc:subfield code="a">Benigni, Roberto; Braschi, Nicoletta; Buchholz, Horst</marc:subfield>
      <marc:subfield code="4">aut</marc:subfield>
      <marc:subfield code="e">Verfasser/-in</marc:subfield>
   </marc:datafield>
   <marc:datafield ind1="0" ind2="0" tag="245">
      <marc:subfield code="a">Da Leben ist schön (La Vita è Bella)</marc:subfield>
   </marc:datafield>
   <marc:datafield ind1="0" ind2="0" tag="245">
      <marc:subfield code="b">Ein bewegendes Meisterwerk von Roberto Benigni</marc:subfield>
   </marc:datafield>
   <marc:datafield ind1=" " ind2="1" tag="264">
      <marc:subfield code="b">Studiocanal Gmbh.</marc:subfield>
      <marc:subfield code="c">2011</marc:subfield>
   </marc:datafield>
   <marc:datafield ind1="1" ind2=" " tag="520">
      <marc:subfield code="a">Toskana 1939: Guido verliebt sich in die schöne Lehrerin Dora und die beiden erleben eine wunderbare Romanze voller komischer Missgeschicke und zufälliger Begegnungen. Jahre später zerstören die Nazis das gemeinsame Glück, als Vater und Sohn Giosué deportiert werden. Aus Liebe folgt Dora, die nicht jüdisch ist, den beiden ins Konzentrationslager. Guido ist wild entschlossen, seinen Sohn vor den Schrecken zu schützen und unter den unmenschlichsten Bedingungen behält er seinen Witz, seine Fröhlichkeit und seine Fantasie. Denn Giosué soll weiter daran glauben, dass das Leben schön ist! 

</marc:subfield>
   </marc:datafield>
</marc:record>
